Statistics for Gears of War Franchise

Click here to take the quiz!

General Stats

  • This quiz has been taken 23 times
  • The average score is 9 of 18

Answer Stats

TypeYearNameInfo% Correct
Video Game2006Gears of WarMicrosoft Game Studios
100%
Comic Series2008-2012Gears of WarWildStorm
100%
FilmTBAGears of WarUniversal
100%
Video Game2008Gears of War 2Microsoft Game Studios
100%
Video Game2011Gears of War 3Microsoft Studios
100%
Video Game2016Gears of War 4Microsoft Studios
100%
Board Game2011Gears of War: The Board GameFantasy Flight Games
100%
Video Game2019Gears of War 5Xbox Game Studios
94%
Video Game2013Gears of War: JudgmentMicrosoft Studios
61%
Novel2008Gears of War: Aspho FieldsKaren Traviss
22%
Video Game2015Gears of War: Ultimate EditionMicrosoft Studios
22%
Video Game2019Gears Pop!Xbox Game Studios
17%
Novel2010Gears of War: Anvil GateKaren Traviss
11%
Novel2012Gears of War: The SlabKaren Traviss
11%
Novel2009Gears of War: Jacinto's RemnantKaren Traviss
6%
Supplementary Book2008Beneath the Surface: An Inside Look at Gears of War 2Cliff Bleszinski / Joshua Ortega / Rod Fergusson
0%
Supplementary Book2006Destroyed Beauty: An Inside Look at Gears of WarCliff Bleszinski / Jerry O'Flaherty
0%
Novel2011Gears of War: Coalition's EndKaren Traviss
0%

Score Distribution

Percentile by Number Answered

Percent of People with Each Score

Your Score History

You have not taken this quiz